000
00210nam a22000857a 4500
008
161103b xxu||||| |||| 00| 0 eng d
100
_a
Sawthney p
_9
1023
245
_a
CCE Science (vii)
260
_a
New Delhi
_b
APC
_c
2010
999
_c
3681
_d
3681